| 000 | 00722nam a2200241 i 4500 | ||
|---|---|---|---|
| 001 | 10000 | ||
| 003 | ES-MaACL | ||
| 005 | 20250808084922.0 | ||
| 007 | t| | ||
| 008 | 940722s1993 sp ||||1| spa d | ||
| 020 | _a84-8002-074-1 | ||
| 080 | _a347(46)(075.8) | ||
| 100 | 1 |
_aCano Tello, Celestino A. _934571 |
|
| 245 | 1 | 0 |
_aEsquemas civiles _b: manual de derecho civil en tablas sinópticas / _cCelestino A. Cano Tello. |
| 260 |
_aValencia : _bTirant lo blanch, _c1993. |
||
| 300 |
_a902 p. ; _c17 x 24 cm. |
||
| 490 | 1 | _aDerecho | |
| 500 | _aIndices. | ||
| 650 | 0 | 4 |
_aDerecho civil- _zEspaña _911659 |
| 830 | 0 |
_aDerecho _9185263 |
|
| 852 |
_aES-MaACL _jL-17461 _bR.122671 |
||
| 999 |
_c10000 _d10000 |
||